Anatoma̕ heterodoxa del populismo la revolucin̤ ciudadana de Rafael Correa en Ecuador /

Detalles Bibliográficos
Autor principal: Jaramillo Jassir, Mauricio
Formato: eBook
Lenguaje:español
Publicado: Bogot:̀ Editorial Universidad de Rosario (Colombia), 2020
Materias:
Acceso en línea:Acceso restringido

MARC

LEADER 00000nam a22000007a 4500
005 20210423215833.0
007 cr|||| ||||
008 210423s2020 ec |||||s|||| 00||0 spa d
020 |a 978-958-784-473-3 
035 |a 33124 
040 |a vLex 
090 |c 11514  |d 11514 
100 1 |a Jaramillo Jassir, Mauricio 
245 1 0 |a Anatoma̕ heterodoxa del populismo  |h [Recurso electrn̤ico] :  |b la revolucin̤ ciudadana de Rafael Correa en Ecuador /  |c Mauricio Jaramillo Jassir 
256 |a Servicio en ln̕ea 
260 |a Bogot:̀  |b Editorial Universidad de Rosario (Colombia),  |c 2020 
300 |a 1 recurso electrn̤ico 
506 1 |a Disponible solo en los productos indicados  |d vLex Global  |d vLex Global (Academic Edition, excluding Law Schools)  |d vLex Global (U.S. Academic Edition, Law Schools)  |d vLex Global (U.S. Academic Edition, excluding Law Schools)  |d vLex Global (Academic Edition, Law Schools) 
650 0 4 |a Derecho Pb︢lico y Administrativo  |z Ecuador 
650 0 4 |a Derecho Militar  |z Ecuador 
740 0 |a vLex Libros (Servicio en ln̕ea) 
856 4 0 |u https://vlex.com/source/anatomia-heterodoxa-populismo-revolucion-ciudadana-rafael-correa-ecuador-33124  |z Acceso restringido 
942 |c BOOK 
999 0 |a Public and Administrative Law 
999 0 |a Military Law